Origin and evolution of mankind : (Record no. 127461)

MARC details
000 -LEADER
fixed length control field 00794nam a22002417a 4500
005 - DATE AND TIME OF LATEST TRANSACTION
control field 20170124110025.0
010 ## - LIBRARY OF CONGRESS CONTROL NUMBER
LC control number A-286531
020 ## - INTERNATIONAL STANDARD BOOK NUMBER
Terms of availability 00.00
International Standard Book Number 8185061475
035 ## - SYSTEM CONTROL NUMBER
System control number A-286531
037 ## - SOURCE OF ACQUISITION
Source of stock number/acquisition Cen Lib/Ret
040 ## - CATALOGING SOURCE
Original cataloging agency DPL
Language of cataloging EN
082 ## - DEWEY DECIMAL CLASSIFICATION NUMBER
Classification number 575.01
Item number KUM
100 ## - MAIN ENTRY--PERSONAL NAME
Personal name Kumar, B.
9 (RLIN) 16193
245 ## - TITLE STATEMENT
Title Origin and evolution of mankind :
Statement of responsibility, etc by B.Kumar
Remainder of title occult history of the making of mankind retold in the light of modern discoveries /
260 ## - PUBLICATION, DISTRIBUTION, ETC. (IMPRINT)
Place of publication, distribution, etc Delhi
Name of publisher, distributor, etc Amar prakashan
Date of publication, distribution, etc 1986
270 ## - ADDRESS
Address A-1/139B, Lawrence Road
City Delhi
Postal code 110035
300 ## - PHYSICAL DESCRIPTION
Extent xi,250p.
Dimensions 19cm(Hb)
500 ## - GENERAL NOTE
General note Includes bibliographical reference and index
650 ## - SUBJECT ADDED ENTRY--TOPICAL TERM
Topical term or geographic name as entry element Occultism
9 (RLIN) 20565
650 ## - SUBJECT ADDED ENTRY--TOPICAL TERM
Topical term or geographic name as entry element Prehistoric peoples
9 (RLIN) 20566
700 ## - ADDED ENTRY--PERSONAL NAME
9 (RLIN) 20425
942 ## - ADDED ENTRY ELEMENTS (KOHA)
Source of classification or shelving scheme Dewey Decimal Classification
Koha item type English Books
Classification part 575.01
Call number suffix KUM
Holdings
Withdrawn status Lost status Damaged status Not for loan Home library Current library Date acquired Source of acquisition Cost, normal purchase price Total Checkouts Full call number Barcode Date last seen Date checked out Copy number Cost, replacement price Price effective from Koha item type
        Central Library Central Library 29/06/2015 Cen Lib/Ret 0.00 2 575.01 KUM A-286531 22/07/2024 22/07/2024 1 0.00 29/06/2015 English Books

© Delhi Public Library
Hit Counter
free hit counter